Honoring the ancestors : an African cultural interpretation of black religion and literature (Record no. 206392)

MARC details
000 -LEADER
fixed length control field 00873nam a2200229Ia 4500
008 - FIXED-LENGTH DATA ELEMENTS--GENERAL INFORMATION
fixed length control field 191130s1998##################000#0#eng##
020 ## - INTERNATIONAL STANDARD BOOK NUMBER
ISBN 9780195091045
082 ## - DEWEY DECIMAL CLASSIFICATION NUMBER
Classification number 230.08996073 MAT
100 ## - MAIN ENTRY--AUTHOR NAME
Personal name Matthews, Donald Henry
245 ## - TITLE STATEMENT
Title Honoring the ancestors : an African cultural interpretation of black religion and literature
Statement of responsibility, etc Donald H. Matthews
260 ## - PUBLICATION, DISTRIBUTION, ETC. (IMPRINT)
Place of publication Oxford
Name of publisher Oxford University Press
Year of publication c1998
300 ## - PHYSICAL DESCRIPTION
Number of Pages xiii, 171 p. : ill. ; 22 cm
500 ## - GENERAL NOTE
General note Originally presented as the author's thesis (doctoral)--University of Chicago. Includes bibliographical references (p. 161-167) and index
650 ## - SUBJECT ADDED ENTRY--TOPICAL TERM
Topical Term African Americans - Religion
Topical Term Black theology
Topical Term Spirituals (Songs) - History and criticism
991 ## -
-- 95687
Holdings
Withdrawn status Lost status Damaged status Not for loan Home library Current library Shelving location Date acquired Full call number Accession Number Price effective from Koha item type
        Anna Centenary Library Anna Centenary Library 3RD FLOOR, B WING 13.10.2020 230.08996073 MAT 281236 13.10.2020 English Books

Find us on the map